000 00252nam a22001097a 4500
999 _c167515
_d167515
082 _a
_b
100 _aAnita
245 _aSamay sargam jeevan ki sur dhani/
_cby Anita.
260 _aMathura:
_bJawahar Pustakalaya,
_c2008.
650 _a
942 _cBK